| 000 | 01385nam a2200277 a 4500 | ||
|---|---|---|---|
| 001 | 000049222 | ||
| 003 | DO-SdBNP | ||
| 005 | 20250925135321.0 | ||
| 008 | 150203s2012 dr 000 0 spa d | ||
| 040 |
_aDO-SdBNP _bspa _cBNPHU |
||
| 082 |
_a342.068 _bR426c |
||
| 110 | 2 |
_aRepública Dominicana. _9447 |
|
| 240 | 1 | 0 | _a[Leyes, etc.] |
| 245 | 1 | 0 |
_aCompendio de normas sobre profesionalización de la función pública : _bLey de Función Pública y sus reglamentos de aplicación. |
| 250 | _a2a ed. | ||
| 260 |
_aSanto Domingo : _aMAP, _c2012. |
||
| 300 |
_a209 p. ; _c22 cm. |
||
| 505 | 0 |
_aLey no. 41-08 de función pública -- _tReglamento de relaciones laborales en la administración pública. No. 523-09 -- _tReglamento de reclutamiento y selección de personal en la administración pública. No. 524-09 -- _tReglamento de evaluación del desenpeño y promoción de los servidores y funcionarios de la administración pública. No. 525-09 -- _tReglamento de estructura organizativa, cargo y política salarial. No. 527-09 |
|
| 590 | _aInventariado, 2019/VM | ||
| 650 | 4 | 0 |
_aCarrera administrativa _zRepública Dominicana _935844 |
| 650 | 4 |
_aAdministración pública _zRepública Dominicana _93011 |
|
| 700 | 1 | 2 |
_aVentura Camejo, Ramón _epresent. _926937 |
| 710 | 1 |
_aRepública Dominicana _bMinisterio de Administración Pública _965952 |
|
| 910 | _aV/M | ||
| 942 |
_2ddc _cLBS1 |
||
| 999 |
_c48710 _d48710 |
||